[Event "PHI-ch sf (Women)"]
[Site "Manila"]
[Date "2014.??.??"]
[Round "1"]
[White "Lucero, Lyra"]
[Black "De Guzman, Ruth Aubrey"]
[Result "1/2-1/2"]
[WhiteElo "1715"]
[BlackElo "1905"]
[PlyCount "152"]
[EventDate "2014.03.??"]
[EventType "swiss"]
[EventRounds "9"]
[EventCountry "PHI"]
[SourceTitle "EXT 2016"]
[Source "ChessBase"]
[SourceDate "2015.10.08"]
[SourceVersion "1"]
[SourceVersionDate "2015.10.08"]
[SourceQuality "1"]

1. d4 d5 2. e3 Nf6 3. Nf3 Bf5 4. Nbd2 e6 5. b3 c5 6. Bb2 Nc6 7. c4 Nb4 8. Rc1 Nxa2 9. Ra1 Nb4 10. Rc1 cxd4 11. exd4 Bd3 12. Ne5 Bxf1 13. Nxf1 Nc6 14. c5 Nxe5 15. dxe5 Ne4 16. b4 h6 17. Qa4+ Qd7 18. Qxd7+ Kxd7 19. f3 Ng5 20. h4 Nh7 21. Ne3 Be7 22. f4 f5 23. g3 g5 24. Kf2 gxf4 25. gxf4 Rhg8 26. h5 Rac8 27. Ba3 Rg7 28. Rhg1 Bh4+ 29. Kf3 Rcg8 30. Rxg7+ Rxg7 31. Rh1 Be7 32. Nc2 Nf8 33. Nd4 Rg4 34. b5 Kc8 35. Bb4 Nd7 36. Nxe6 Nxe5+ 37. Ke3 Kd7 38. Nd4 Nc4+ 39. Kf3 Ne5+ 40. Ke3 Rg3+ 41. Ke2 Rg2+ 42. Ke3 Ng4+ 43. Kf3 Rf2+ 44. Kg3 Rb2 45. c6+ bxc6 46. bxc6+ Ke8 47. Bxe7 Nf2 48. Re1 Ne4+ 49. Kf3 Kxe7 50. c7 Kd7 51. Rc1 Nd6 52. Nxf5 Nc8 53. Nxh6 a5 54. Nf5 a4 55. h6 a3 56. h7 Rh2 57. Ra1 Rxh7 58. Rxa3 Rh3+ 59. Ng3 Kxc7 60. Rd3 Kc6 61. Kg4 Rh2 62. f5 Rf2 63. Nh5 Nd6 64. f6 Nf7 65. Kg3 Rf5 66. Kg4 Rf1 67. Re3 Kd6 68. Re7 Ne5+ 69. Kg5 d4 70. Nf4 Rg1+ 71. Kf5 Nf3 72. Re6+ Kd7 73. f7 Rg5+ 74. Ke4 Nd2+ 75. Kxd4 Rf5 76. Rb6 Rxf7 1/2-1/2